Poradové cvičenia /

Main Author: Žižka, Jiří
Language: Slovak
Published: Bratislava : Šport, 1978
Edition: 1. vyd. v slov.
Physical Description: 108 s.
Book
Saved in:
LEADER 00905nam a22002892a 4500
001 000906136
003 CZ BrMZK
005 20181009102744.0
007 ta
008 080722s1978 xo er|||||||||||slo d
040 |a ABA001  |b cze  |c ABA001  |d ABA001  |d BOA001 
041 1 |a slo  |h cze 
072 7 |a 796  |x Sport. Hry. Tělesná cvičení  |2 Konspekt  |9 20 
080 |a 796.012.47  |2 MRF 
080 |a (035)  |2 MRF 
100 1 |a Žižka, Jiří  |7 jk01153203  |4 aut 
245 1 0 |a Poradové cvičenia /  |c Jiří Žižka 
250 |a 1. vyd. v slov. 
260 |a Bratislava :  |b Šport,  |c 1978 
300 |a 108 s. 
650 0 7 |a pořadová cvičení  |7 ph182954  |2 czenas 
655 7 |a příručky  |7 fd133209  |2 czenas 
765 0 |t Pořadová cvičení  |9 Slovensky 
910 |a BOA001  |b 1-0793.936 
990 |a BK 
991 |b 200807 
996 7 |b 2619563281  |c 1-0793.936  |l MZK  |r Sklad / do 1 hodiny  |n 0  |w 001070181  |u 000010  |a 1  |e BOA001  |j MZK50  |s A